| 000 | 00690nac a22002051u 4500 | ||
|---|---|---|---|
| 010 | _a 98018625 | ||
| 020 | _a0072891793 | ||
| 082 | 0 | 0 |
_a005.73 _bBAI |
| 090 |
_c5686 _d5686 |
||
| 100 | _aBailey, Duane A. | ||
| 245 | 1 | 0 |
_aJava structures : _bdata structures in Java for the principled programmer / _cDuane A. Bailey. |
| 260 |
_aBoston : _bWCB McGraw-Hill,1999 _cc1999. |
||
| 300 |
_axiii, 369 p. : _bill. ; _c25 cm. |
||
| 500 | _aIncludes index. | ||
| 500 | _adistributer: Al-Ahram | ||
| 511 | _acatalogued by: wessam | ||
| 650 | 0 | _aJava (Computer program language) | |
| 650 | 0 | _aData structures (Computer science) | |
| 942 |
_cBB _k005.73BAI |
||
| 999 |
_c5686 _d5686 |
||